000 00606nam a2200205Ii 4500
003 JO-AjNU
008 230605s9999||||xx |||||||||||||| ||und||
040 _aJO-AjNU
_bara
_erda
_cJO-AjNU
041 _aara
050 1 4 _aV162.D3 2003
100 3 _aجبري،شفيق,
_eauthor
_913856
245 0 0 _aرحلة الى اوروبا على صخور صقلية
250 _aط2
264 3 1 _aدمشق:دار قتيبة، 2003
300 _a166ص
336 _atext
_btxt
_2rdacontent
337 _aunmediated
_bn
_2rdamedia
338 _avolume
_bnc
_2rdacarrier
650 4 _aاوروبا-تاريخ-
_913857
999 _aA3557
_c7125
_d7125